The World's Most Powerful People - Forbes - Statistics

General Stats
  • This quiz has been taken 37 times
  • The average score is 7 of 20
Answer Stats
Rank Answer % Correct
3 Donald Trump
94%
2 Vladimir Putin
92%
1 Xi Jinping
75%
7 Bill Gates
69%
4 Angela Merkel
64%
12 Emmanuel Macron
64%
5 Jeff Bezos
58%
9 Narendra Modi
39%
13 Mark Zuckerberg
36%
16 Warren Buffett
25%
14 Theresa May
22%
10 Larry Page
17%
20 Carlos Slim
14%
8 Mohammed bin Salman Al Saud
11%
6 Pope Francis
11%
17 Ali Khamenei
8%
11 Jerome H. Powell
6%
15 Li Keqiang
6%
19 Jamie Dimon
3%
18 Mario Draghi
3%
No matching quizzes found
Score Distribution
Percent of People with Each Score
Percentile by Number Answered
Your Score History
You have not taken this quiz